[Event "GRE-ch U14"]
[Site "Porto Rio"]
[Date "2016.06.28"]
[Round "1"]
[White "Georgoulas, Spyridon"]
[Black "Georgiadis, Nikolaos Xant"]
[Result "0-1"]
[WhiteElo "1146"]
[BlackElo "1615"]
[PlyCount "72"]
[EventDate "2016.06.28"]
[EventType "swiss"]
[EventRounds "9"]
[EventCountry "GRE"]
[SourceTitle "CBM 173 Extra"]
[Source "ChessBase"]
[SourceDate "2016.08.29"]
[SourceVersion "1"]
[SourceVersionDate "2016.08.29"]
[SourceQuality "1"]

1. e4 e5 2. Nf3 Nc6 3. Bc4 Bc5 4. 0-0 d6 5. c3 Nf6 6. d3 0-0 7. a4 a6 8. Na3 Be6 9. Re1 Bxa3 10. Rxa3 Bxc4 11. dxc4 Qd7 12. b4 Qg4 13. Qe2 Ne7 14. c5 Ng6 15. cxd6 cxd6 16. h3 Qd7 17. b5 Nh5 18. bxa6 Rxa6 19. Qb5 Qc7 20. Be3 Nhf4 21. a5 Qc6 22. Qxc6 bxc6 23. Rd1 c5 24. g3 Ne6 25. Bd2 f5 26. exf5 Rxf5 27. Kg2 e4 28. Nh2 Ne5 29. Re1 d5 30. Rd1 Nc4 31. Ra4 Nb2 32. g4 Rf7 33. Rda1 Nxa4 34. Rxa4 Nf4+ 35. Kg3 Nd3 36. c4 Nb2 0-1